Нетерпение сердца: пер. с нем.; роман; Амок; Женщина и природа; Фантастическая ночь; Письмо незнакомки; Улица в лунном свете; Легенда о сестрах-близнецах; Глаза извечного брата; Лионская легенда; Легенда о третьем голубе
| Hovedforfatter: | |
|---|---|
| Summary: | В книгу известного австрийского писателя С. Цвейга (1881-1942) вошли роман "Нетерпение сердца", новеллы и легенды. |
| Sprog: | russisk |
| Udgivet: |
Москва, АСТ, 1999
|
| TOC: | Амок; Женщина и природа; Фантастическая ночь; Письмо незнакомки; Улица в лунном свете; Легенда о сестрах-близнецах; Глаза извечного брата; Лионская легенда; Легенда о третьем голубе; |
| Fag: | |
| Format: | Bog |
| KOHA link: | https://koha.lib.tpu.ru/cgi-bin/koha/opac-detail.pl?biblionumber=29489 |
MARC
| LEADER | 00000nam0a2200000 4500 | ||
|---|---|---|---|
| 001 | 29489 | ||
| 005 | 20231101205919.0 | ||
| 010 | |a 5237022774 | ||
| 035 | |a (RuTPU)RU\TPU\book\29754 | ||
| 035 | |a BOOK00029829 | ||
| 090 | |a 29489 | ||
| 100 | |a 20011209d1999 m y0rusy50 ca | ||
| 101 | 1 | |a rus |c ger | |
| 102 | |a RU | ||
| 105 | |a c z 000ay | ||
| 200 | 1 | |a Нетерпение сердца |e пер. с нем. |e роман |f С. Цвейг | |
| 210 | |a Москва |c АСТ |d 1999 | ||
| 215 | |a 720 с. |c портр. | ||
| 330 | |a В книгу известного австрийского писателя С. Цвейга (1881-1942) вошли роман "Нетерпение сердца", новеллы и легенды. | ||
| 464 | |t Амок | ||
| 464 | |t Женщина и природа | ||
| 464 | |t Фантастическая ночь | ||
| 464 | |t Письмо незнакомки | ||
| 464 | |t Улица в лунном свете |o новеллы | ||
| 464 | |t Легенда о сестрах-близнецах | ||
| 464 | |t Глаза извечного брата | ||
| 464 | |t Лионская легенда | ||
| 464 | |t Легенда о третьем голубе |o легенды | ||
| 610 | 1 | |a романы | |
| 610 | 1 | |a новеллы | |
| 675 | |a 83 |v 3 | ||
| 700 | 1 | |a Цвейг |b С. |c австрийский писатель |f 1881-1942 |g Стефан |2 stltpush |3 (RuTPU)RU\TPU\pers\17082 |9 6222 | |
| 801 | 0 | |a RU |b 63413507 |c 20011209 |g PSBO | |
| 801 | 2 | |a RU |b 63413507 |c 20120112 |g RCR | |
| 942 | |c BK | ||